CATÁLOGO PÚBLICO DE LA BIBLIOTECA OSCAR VARSAVSKY

Plan Operativo Anual Nacional para el Ejercicio Fiscal 2003. (Registro nro. 8145)

Detalles MARC
000 -CABECERA
campo de control de longitud fija 00551nam a22001937a 4500
001 - NÚMERO DE CONTROL
campo de control T027600007017
008 - DATOS DE LONGITUD FIJA--INFORMACIÓN GENERAL
campo de control de longitud fija 181111b xve|||||r|||| 00| | esp d
099 ## - SIGNATURA TOPOGRÁFICA LOCAL
Número de clasificación IVP-D-03553
Cutter
100 ## - ENTRADA PRINCIPAL--NOMBRE DE PERSONA
Nombre de persona Ministerio de Planificación y Desarrollo (MPD).
245 ## - MENCIÓN DE TÍTULO
Título Plan Operativo Anual Nacional para el Ejercicio Fiscal 2003.
260 ## - PUBLICACIÓN, DISTRIBUCIÓN, ETC. (PIE DE IMPRENTA)
Lugar de publicación, distribución, etc. Octubre, 2002.
300 ## - DESCRIPCIÓN FÍSICA
Extensión 127
500 ## - NOTA GENERAL
Nota general Fotocopiado
650 ## - PUNTO DE ACCESO ADICIONAL DE MATERIA--TÉRMINO DE MATERIA
Término de materia o nombre geográfico como elemento inicial Planes Operativos Institucionales
650 ## - PUNTO DE ACCESO ADICIONAL DE MATERIA--TÉRMINO DE MATERIA
Término de materia o nombre geográfico como elemento inicial Presupuesto--Venezuela 2003.
650 ## - PUNTO DE ACCESO ADICIONAL DE MATERIA--TÉRMINO DE MATERIA
Término de materia o nombre geográfico como elemento inicial Venezuela.
650 ## - PUNTO DE ACCESO ADICIONAL DE MATERIA--TÉRMINO DE MATERIA
Término de materia o nombre geográfico como elemento inicial Español.
942 ## - ELEMENTOS DE PUNTO DE ACCESO ADICIONAL (KOHA)
Tipo de ítem Koha Libro
Existencias
Estado de retiro Estado de pérdida Estado dañado No para préstamo Código de colección Localización permanente Ubicación/localización actual Ubicación en estantería Fecha de adquisición Total de préstamos Signatura topográfica completa Código de barras Fecha visto por última vez Precio válido a partir de Tipo de ítem Koha Número de copia
        IVP Oscar Varsavsky Oscar Varsavsky Caja N° 488 13.11.2018   IVP-D-03553 T027600007009 13.11.2018 13.11.2018 Documento  
        IVP Oscar Varsavsky Oscar Varsavsky Caja N° 488 13.11.2018   IVP-D-03553 T027600010740 13.11.2018 13.11.2018 Documento e.2